| 000 | 00776nam a2200241 i 4500 | ||
|---|---|---|---|
| 001 | 8945 | ||
| 003 | KOSZ 005 | ||
| 005 | 20191014133116.0 | ||
| 008 | 070714s1970 pl a g 000 0 pol | ||
| 015 | _aPB 1970/5632 | ||
| 040 |
_aWA N _cWA N _dKOSZ 005/RW |
||
| 080 | _a1(091) | ||
| 100 | 1 |
_aSikora, Adam _d(1928-2011) _eAutor |
|
| 245 | 1 | 0 |
_aSpotkania z filozofią / _cAdam Sikora. |
| 250 | _aWyd. 3. | ||
| 260 |
_aWarszawa : _b"Iskry", _c1970. |
||
| 300 |
_a268, [4] s., [16] k. tabl. : _bil. ; _c18 cm. |
||
| 380 | _aKsiążki. | ||
| 650 | 4 |
_aFilozofia _xhistoria. |
|
| 710 | 2 |
_aPaństwowe Wydawnictwo "Iskry" _4pbl. |
|
| 856 |
_uhttp://koha.tu.koszalin.pl/cgi-bin/koha/opac-detail.pl?biblionumber=8945 _yKatalog online BPK |
||
| 942 |
_2UKD _cKS |
||
| 999 |
_c8945 _d8945 |
||